000
00275 a2200109 4500
001
120816
020
_a
9788520003701
040
_c
Escola Canadense de Niteroi
100
_a
Júnior, Alfredo
245
1
0
_a
História Sociedade & Cidadania 7ºano - Livro Professor
942
_c
BK
999
_c
120816
_d
120816